| 000 | 00892cam a2200301Ka 4500 | ||
|---|---|---|---|
| 001 | 42078 | ||
| 005 | 20230410124135.0 | ||
| 008 | 900208s1978 sp a 000 0 spa d | ||
| 035 | _a(OCoLC)ocm21022094 | ||
| 040 |
_aTTY _cTTY _dDRFGD |
||
| 020 | _a8485083083 | ||
| 020 | _a9788485083084 | ||
| 035 | _a(OCoLC)21022094 | ||
| 041 | 1 |
_aspa _heng |
|
| 050 | 1 | 4 |
_aNA 803 _bW949f 1978 |
| 082 | 0 | 0 |
_a724.6 _bWRIGHT |
| 049 | _aGRAL | ||
| 100 | 1 |
_aWright, Frank Lloyd, _d1867-1959. |
|
| 245 | 1 | 3 |
_aEl futuro de la arquitectura / _cFrank Lloyd Wright ; [traduccion del ingles: Eduardo Goligorsky]. |
| 250 | _a2a. ed. | ||
| 260 |
_aBarcelona : _bEditorial Poseidon, _cc1978. |
||
| 300 |
_a280 p. : _bill. ; _c21 cm. |
||
| 500 | _aTranslation of: The future of architecture. | ||
| 650 | 0 |
_aArchitecture, Modern _y20th century. |
|
| 942 |
_2lcc _cbk |
||
| 946 | _amfcruz | ||
| 994 |
_aC0 _bDRFGD |
||
| 999 |
_c71785 _d71785 |
||